Представление документа в формате MARC21

Поле Инд. ПП Название Значение
Тип записи a
Библиографический уровень m
001 _ Контрольный номер RU/ЭБС IPR BOOKS/100476
005 Дата корректировки 20250915130926.0
008 Кодируемые данные 211122s2021 RU y f j 000 1 rus u
020 a ISBN 978-5-4497-0801-4
040 c Служба, преобразующая запись ЭБС IPR BOOKS
041 a Код языка текста rus
044 a Код страны публикации RU
080 a Индекс УДК 327
084 2 Источник индекса rubbk
a Индекс другой классификации/Индекс ББК 66.4
100 1_ a Автор Сирота, Н. М.
4 Код отношения 070
245 a Заглавие Конфликты в мировой политике. Мегатренды глобального социума
b Продолж. заглавия монография
c Ответственность Н. М. Сирота
250 g Весь срок охраны авторского права
a Основные сведения об издании Конфликты в мировой политике. Мегатренды глобального социума
256 a Характеристики компьютерного файла Электрон. дан. (1 файл)
260 a Место издания Москва
b Издательство Ай Пи Ар Медиа
c Дата издания 2021
300 a Объем 120 с.
500 a Примечание Книга находится в премиум-версии ЭБС IPR BOOKS.
516 a Прим. о типе комп. файла/ данных Текст
520 a Аннотация В монографии в контексте становления полицентрического миропорядка анализируются конфликты во внешнеполитической сфере, геополитическое соперничество США, Китая и России. Исследуются пути и перспективы снижения уровня конфронтационности в мире. Рассматривается дискурс по проблематике международных конфликтов в западной международно-политической науке. Работа адресована специалистам в области международных отношений, а также всем интересующимся мировой политикой.
521 a Примеч. о целев. назн. Весь срок охраны авторского права
538 a Прим. о системных особенностях электронный
653 a Ключевые слова мировая политика
653 a Ключевые слова политический конфликт
653 a Ключевые слова глобальный социум
653 a Ключевые слова геополитическое соперничество
653 a Ключевые слова международные отношения
653 a Ключевые слова международный конфликт
856 4_ u URL http://www.iprbookshop.ru/100476.html
z Примечание для пользователя Участвует в КО